[Event "BRA-ch 88th"]
[Site "Recife"]
[Date "2022.12.20"]
[Round "8"]
[White "Soares, Alberto M Colares"]
[Black "Do Nascimento, Davi Alves"]
[Result "0-1"]
[WhiteElo "2123"]
[BlackElo "1968"]
[PlyCount "75"]
[EventDate "2022.12.15"]
[EventType "swiss"]
[EventRounds "11"]
[EventCountry "BRA"]
[SourceTitle "CBM 212 Extra"]
[Source "ChessBase"]
[SourceDate "2023.03.31"]
[SourceVersion "1"]
[SourceVersionDate "2023.03.31"]
[SourceQuality "1"]

1. c4 Nf6 2. Nc3 c6 3. Nf3 d5 4. e3 e6 5. a3 a5 6. d4 Be7 7. c5 b6 8. cxb6 Qxb6 9. Bd3 Ba6 10. 0-0 Bxd3 11. Qxd3 0-0 12. Ne5 Re8 13. f4 g6 14. g4 Nbd7 15. h3 Nxe5 16. fxe5 Nd7 17. Na4 Qb5 18. Qd1 c5 19. Nc3 Qb6 20. Qf3 Rf8 21. Na4 Qa7 22. e4 dxe4 23. Qxe4 cxd4 24. Bh6 Nc5 25. Nxc5 Bxc5 26. Bxf8 Rxf8 27. b4 Bb6 28. bxa5 Qxa5 29. Kh1 Qc3 30. Qf3 Qc5 31. Qe4 Qc3 32. Qf3 d3 33. Rfc1 Qxe5 34. Qxd3 Rd8 35. Qc2 Qe3 36. Qg2 Rd2 37. Re1 Qd3 38. Rf1 0-1

[Event "Joao Pessoa Fischer Memorial 8th"]
[Site "Joao Pessoa"]
[Date "2017.03.18"]
[Round "3"]
[White "Soares, Alberto M Colares"]
[Black "Zallio, Luciano de Souza"]
[Result "0-1"]
[WhiteElo "2119"]
[BlackElo "2240"]
[PlyCount "58"]
[EventDate "2017.03.17"]
[EventType "swiss"]
[EventRounds "6"]
[EventCountry "BRA"]
[SourceTitle "CBM 177 Extra"]
[Source "ChessBase"]
[SourceDate "2017.04.27"]
[SourceVersion "1"]
[SourceVersionDate "2017.04.27"]
[SourceQuality "1"]

1. c4 e5 2. g3 f5 3. Bg2 Nc6 4. Nc3 Nf6 5. d3 Be7 6. e3 0-0 7. Nge2 d6 8. 0-0 Qe8 9. Nd5 Bd8 10. Nec3 Ne7 11. f4 c6 12. Nxf6+ Rxf6 13. b4 Be6 14. c5 Bc7 15. fxe5 dxe5 16. e4 Qd7 17. Ne2 h6 18. Bb2 Rff8 19. Qc2 f4 20. Kh1 Ng6 21. Ng1 h5 22. Nf3 Bg4 23. a3 Rad8 24. Rad1 fxg3 25. hxg3 h4 26. gxh4 Bxf3 27. Bxf3 Qh3+ 28. Qh2 Rxf3 29. Rg1 Nf4 0-1

[Event "Joao Pessoa Fischer Memorial 8th"]
[Site "Joao Pessoa"]
[Date "2017.03.17"]
[Round "1"]
[White "Soares, Alberto M Colares"]
[Black "Nobre, Jose Adalberto Barb"]
[Result "1-0"]
[WhiteElo "2119"]
[BlackElo "1623"]
[PlyCount "55"]
[EventDate "2017.03.17"]
[EventType "swiss"]
[EventRounds "6"]
[EventCountry "BRA"]
[SourceTitle "CBM 177 Extra"]
[Source "ChessBase"]
[SourceDate "2017.04.27"]
[SourceVersion "1"]
[SourceVersionDate "2017.04.27"]
[SourceQuality "1"]

1. c4 Nf6 2. g3 g6 3. Bg2 Bg7 4. Nc3 d6 5. d3 c6 6. e4 e5 7. Nge2 Nbd7 8. 0-0 0-0 9. h3 a5 10. f4 Nc5 11. Be3 Ne6 12. f5 Nc7 13. g4 h6 14. Ng3 d5 15. cxd5 cxd5 16. g5 hxg5 17. Bxg5 d4 18. Nb1 Qd6 19. Na3 b5 20. Rc1 Bd7 21. Rf2 Nh7 22. h4 Nxg5 23. hxg5 gxf5 24. exf5 Nd5 25. f6 Bh8 26. Qh5 Nf4 27. Rxf4 exf4 28. Be4 1-0

[Event "BRA-ch sf Reg2 83rd"]
[Site "Natal"]
[Date "2016.11.12"]
[Round "1"]
[White "Soares, Alberto M Colares"]
[Black "Macedo, Alexandre Soares"]
[Result "1-0"]
[WhiteElo "2113"]
[BlackElo "1825"]
[PlyCount "63"]
[EventDate "2016.11.12"]
[EventType "swiss"]
[EventRounds "7"]
[EventCountry "BRA"]
[SourceTitle "EXT 2018"]
[Source "ChessBase"]
[SourceDate "2017.10.13"]
[SourceVersion "1"]
[SourceVersionDate "2017.10.13"]
[SourceQuality "1"]

1. c4 Nf6 2. g3 g6 3. Bg2 Bg7 4. Nc3 c6 5. e4 d6 6. d3 Na6 7. Nge2 Bd7 8. h3 Qc8 9. Be3 0-0 10. Qd2 Rd8 11. g4 Nc7 12. Ng3 e5 13. g5 Nfe8 14. h4 f5 15. gxf6 Nxf6 16. h5 Ne6 17. hxg6 hxg6 18. Bh6 Kf7 19. Bxg7 Kxg7 20. Nce2 Rh8 21. 0-0-0 Qc7 22. Bh3 d5 23. Rdg1 Kf7 24. Bxe6+ Bxe6 25. f4 dxe4 26. Nxe4 Bf5 27. Ng5+ Kg7 28. Ng3 Qd7 29. fxe5 Ng4 30. Re1 Qd4 31. Nxf5+ gxf5 32. Ne6+ 1-0

[Event "Recife Arraes Memorial 9th"]
[Site "Recife"]
[Date "2016.10.23"]
[Round "6.3"]
[White "Macedo, Maximo Valerio"]
[Black "Soares, Alberto M Colares"]
[Result "1/2-1/2"]
[WhiteElo "2033"]
[BlackElo "2123"]
[PlyCount "50"]
[EventDate "2016.10.21"]
[EventType "swiss"]
[EventRounds "6"]
[EventCountry "BRA"]
[SourceTitle "EXT 2022"]
[Source "ChessBase"]
[SourceDate "2021.10.06"]
[SourceVersion "1"]
[SourceVersionDate "2021.10.06"]
[SourceQuality "1"]

1. f4 g6 2. Nf3 Bg7 3. g3 c5 4. Bg2 Nc6 5. d3 d5 6. c3 Nf6 7. 0-0 0-0 8. Na3 Bf5 9. Nh4 Qd7 10. Nxf5 gxf5 11. Nc2 h5 12. Qe1 Rad8 13. e3 Kh7 14. Qe2 Rh8 15. e4 dxe4 16. dxe4 fxe4 17. Bxe4+ Nxe4 18. Qxe4+ Kg8 19. Ne3 Rh6 20. f5 Rd6 21. Nc4 Rd1 22. Be3 Rxa1 23. Rxa1 b6 24. Bf4 Qd5 25. Qxd5 Rxd5 1/2-1/2

[Event "Brasilia Terraviva op"]
[Site "Brasilia"]
[Date "2016.04.24"]
[Round "7"]
[White "Cortes Orihuela, Javier"]
[Black "Soares, Alberto M Colares"]
[Result "1-0"]
[WhiteElo "2205"]
[BlackElo "2132"]
[PlyCount "191"]
[EventDate "2016.04.21"]
[EventType "swiss"]
[EventRounds "7"]
[EventCountry "BRA"]
[SourceTitle "CBM 172 Extra"]
[Source "ChessBase"]
[SourceDate "2016.06.21"]
[SourceVersion "1"]
[SourceVersionDate "2016.06.21"]
[SourceQuality "1"]

1. d4 d6 2. Nf3 g6 3. c4 Bg7 4. Nc3 Nd7 5. e4 e5 6. d5 Ne7 7. h4 h5 8. Be2 b6 9. Bd2 a5 10. a3 Nc5 11. b4 Nb7 12. Rb1 axb4 13. axb4 Bd7 14. Ra1 0-0 15. Qb1 Kh8 16. Bd3 f6 17. Bc2 Ng8 18. Bc1 Qe7 19. Ra2 Rfc8 20. Qa1 Qe8 21. Ra7 Rcb8 22. Rxa8 Rxa8 23. Qb1 Bh6 24. Bb2 Qb8 25. 0-0 Nd8 26. Bd3 Ne7 27. Qc2 Kg7 28. Ra1 Rxa1+ 29. Bxa1 Qa7 30. Qa2 Qxa2 31. Nxa2 Kf8 32. Kf1 Ke8 33. Bb2 Nf7 34. Nc3 Kd8 35. Bc2 Kc8 36. Ba4 Nd8 37. Bxd7+ Kxd7 38. Ke2 Nb7 39. Ne1 Ng8 40. Ba3 Bf8 41. Kd3 Nh6 42. Ke2 Nf7 43. Nd3 Be7 44. g3 Nh6 45. Bc1 Bf8 46. Na4 Nf7 47. Be3 Be7 48. f4 Bf8 49. Kf3 Nh6 50. fxe5 fxe5 51. Bxh6 Bxh6 52. c5 bxc5 53. bxc5 Na5 54. c6+ Ke8 55. Nab2 Nb3 56. Nc4 Ke7 57. Nf2 Nd2+ 58. Nxd2 Bxd2 59. Nd3 Kf6 60. g4 hxg4+ 61. Kxg4 Be3 62. Nb4 Bd2 63. Na6 Ba5 64. Nb8 Bd2 65. Nd7+ Ke7 66. h5 gxh5+ 67. Kxh5 Be1 68. Kg6 Ba5 69. Nf6 Be1 70. Ng4 Bd2 71. Nf6 Be3 72. Ng8+ Kf8 73. Nf6 Ke7 74. Nh5 Bd2 75. Ng7 Bb4 76. Nf5+ Kd8 77. Kf7 Ba3 78. Ng7 Bb4 79. Ne6+ Kc8 80. Ke8 Ba3 81. Ng7 Bb4 82. Nf5 Bc5 83. Ne7+ Kb8 84. Kd7 Bd4 85. Nf5 Bc5 86. Ng7 Bb6 87. Ne8 Ba5 88. Nxd6 cxd6 89. Kxd6 Kc8 90. Kxe5 Kc7 91. Ke6 Bb4 92. e5 Bc5 93. Kf7 Bb4 94. e6 Kd8 95. e7+ Bxe7 96. c7+ 1-0

[Event "Joao Pessoa Fischer Memorial 7th"]
[Site "Joao Pessoa"]
[Date "2016.03.12"]
[Round "3"]
[White "Azevedo, Eduardo Jose E"]
[Black "Soares, Alberto M Colares"]
[Result "0-1"]
[WhiteElo "1835"]
[BlackElo "2119"]
[PlyCount "94"]
[EventDate "2016.03.11"]
[EventType "swiss"]
[EventRounds "6"]
[EventCountry "BRA"]
[SourceTitle "CBM 171 Extra"]
[Source "ChessBase"]
[SourceDate "2016.04.26"]
[SourceVersion "1"]
[SourceVersionDate "2016.04.26"]
[SourceQuality "1"]

1. d4 d6 2. c4 g6 3. Nc3 Bg7 4. e4 Nd7 5. Nf3 e5 6. d5 Ngf6 7. Be2 Nc5 8. Qc2 a5 9. Bg5 h6 10. Be3 Qe7 11. Nd2 0-0 12. Nb3 b6 13. Nxc5 bxc5 14. h3 Kh7 15. 0-0-0 a4 16. g4 Bd7 17. g5 Ng8 18. h4 h5 19. Rdg1 f5 20. Qd1 f4 21. Bd2 Be8 22. Bf3 Bf7 23. Nxa4 Rfb8 24. Nc3 Be8 25. b3 Qf8 26. Kc2 Ne7 27. Bc1 c6 28. a3 cxd5 29. cxd5 Nc8 30. Bb2 Nb6 31. Be2 Rb7 32. Bb5 Rab8 33. a4 Bxb5 34. axb5 Ra8 35. Qd3 Rab8 36. Qe2 c4 37. b4 Ra7 38. Ra1 Rba8 39. Rxa7 Rxa7 40. Ra1 Rxa1 41. Bxa1 Qc8 42. Qf1 Qh3 43. f3 Qxh4 44. Qg1 Nd7 45. b6 Qg3 46. Qf1 Nxb6 47. Ne2 Qxg5 0-1

[Event "Natal-ch"]
[Site "Natal"]
[Date "2016.02.07"]
[Round "4"]
[White "Baeta, Marcio Netto"]
[Black "Soares, Alberto M Colares"]
[Result "1-0"]
[WhiteElo "1962"]
[BlackElo "2123"]
[PlyCount "97"]
[EventDate "2016.02.06"]
[EventType "swiss"]
[EventRounds "6"]
[EventCountry "BRA"]
[SourceTitle "CBM 171 Extra"]
[Source "ChessBase"]
[SourceDate "2016.04.26"]
[SourceVersion "1"]
[SourceVersionDate "2016.04.26"]
[SourceQuality "1"]

1. e4 d6 2. d4 Nf6 3. Bd3 e5 4. c3 Nc6 5. Ne2 g6 6. h4 h5 7. Bg5 Bh6 8. d5 Nb8 9. Bxh6 Rxh6 10. Qd2 Rh8 11. Na3 Nbd7 12. f3 Nc5 13. Bc2 b6 14. b4 Ncd7 15. Nc4 Ba6 16. Bd3 Bxc4 17. Bxc4 Kf8 18. Ba6 Kg7 19. 0-0-0 Qe7 20. Ng3 Ne8 21. Rdg1 Rd8 22. Bb5 Nb8 23. Nf1 Qf6 24. Ne3 a6 25. Ba4 b5 26. Bd1 Nd7 27. g4 Kf8 28. gxh5 Rxh5 29. Ng2 Nb6 30. f4 Nc4 31. Qd3 Rh8 32. Rf1 Ng7 33. fxe5 Qxe5 34. Nf4 Ke8 35. Bb3 g5 36. Ne2 gxh4 37. Bxc4 bxc4 38. Qxc4 Qg5+ 39. Kc2 Qe7 40. Kb3 Kf8 41. Nd4 Re8 42. Rf4 h3 43. Qf1 Qd7 44. Qf3 Rh7 45. Rg4 h2 46. Rg2 Rh3 47. Qf6 Nh5 48. Qh6+ Ke7 49. Nc6+ 1-0

[Event "Rio de Janeiro Borensztajn op 3rd"]
[Site "Rio de Janeiro"]
[Date "2015.06.25"]
[Round "1"]
[White "Soares, Alberto M Colares"]
[Black "Coelho, Tatiane Cristina"]
[Result "1-0"]
[WhiteElo "2172"]
[BlackElo "1845"]
[PlyCount "75"]
[EventDate "2015.06.25"]
[EventType "swiss"]
[EventRounds "7"]
[EventCountry "BRA"]
[SourceTitle "CBM 167 Extra"]
[Source "ChessBase"]
[SourceDate "2015.09.14"]
[SourceVersion "1"]
[SourceVersionDate "2015.09.14"]
[SourceQuality "1"]

1. c4 Nf6 2. g3 d5 3. cxd5 Nxd5 4. Bg2 e5 5. Nf3 Nc6 6. d3 Be7 7. 0-0 0-0 8. a3 Bf6 9. Nbd2 Be6 10. Ne4 Be7 11. b4 h6 12. Bb2 f6 13. Rc1 Bf7 14. Nc5 Qc8 15. Qc2 Nd8 16. d4 exd4 17. Nxd4 Re8 18. Rfd1 c6 19. e4 Nb6 20. Bf1 Qg4 21. h3 Qc8 22. Nf5 Ne6 23. Nd6 Bxd6 24. Rxd6 Ng5 25. f4 Ne6 26. Rcd1 Qc7 27. a4 a5 28. Nxe6 Rxe6 29. e5 axb4 30. Rxe6 Bxe6 31. exf6 Nd5 32. Bc4 Qb6+ 33. Bd4 c5 34. Qg6 Qc7 35. fxg7 Nxf4 36. Bxe6+ Nxe6 37. Qxe6+ Kh7 38. Be5 1-0

[Event "Joao Pessoa op 6th"]
[Site "Joao Pessoa"]
[Date "2015.03.14"]
[Round "3"]
[White "Soares, Alberto M Colares"]
[Black "Chang, Suzana"]
[Result "1-0"]
[WhiteElo "2158"]
[BlackElo "1969"]
[PlyCount "55"]
[EventDate "2015.03.13"]
[EventType "swiss"]
[EventRounds "6"]
[EventCountry "BRA"]
[SourceTitle "CBM 165 Extra"]
[Source "ChessBase"]
[SourceDate "2015.04.21"]
[SourceVersion "1"]
[SourceVersionDate "2015.04.21"]
[SourceQuality "1"]

1. c4 e5 2. g3 Nf6 3. Bg2 d5 4. cxd5 Nxd5 5. Nf3 Nc6 6. d3 Be7 7. 0-0 0-0 8. a3 Be6 9. b4 Nb6 10. Nbd2 f6 11. Bb2 Bd5 12. Rc1 Qd7 13. Qc2 Rac8 14. Nb3 Qe6 15. Nbd2 Qf7 16. e3 a6 17. Ne1 Bxg2 18. Nxg2 Rfd8 19. Rfd1 Kh8 20. Nc4 Bf8 21. Nxb6 cxb6 22. Qc4 Qe8 23. Qe4 Qf7 24. Qc4 Qe8 25. Qb3 Bd6 26. Nh4 Qd7 27. Rc4 b5 28. Ng6+ 1-0

[Event "Joao Pessoa op 5th"]
[Site "Joao Pessoa"]
[Date "2014.03.14"]
[Round "1"]
[White "Prisma, Zenil Da Costa"]
[Black "Soares, Alberto M Colares"]
[Result "0-1"]
[WhiteElo "1757"]
[BlackElo "2162"]
[PlyCount "68"]
[EventDate "2014.03.14"]
[EventType "swiss"]
[EventRounds "6"]
[EventCountry "BRA"]
[SourceTitle "CBM 159 Extra"]
[Source "ChessBase"]
[SourceDate "2014.04.24"]
[SourceVersion "1"]
[SourceVersionDate "2014.04.24"]
[SourceQuality "1"]

1. d4 d6 2. Nf3 Nf6 3. Bg5 Nbd7 4. e3 h6 5. Bh4 c6 6. Be2 g5 7. Bg3 Ne4 8. c3 Ndf6 9. Nbd2 Bg7 10. Qc2 Nxg3 11. hxg3 Qa5 12. e4 Ng4 13. Nc4 Qc7 14. Nfd2 b5 15. Ne3 Nxe3 16. fxe3 a6 17. Bh5 Be6 18. g4 0-0 19. b3 a5 20. 0-0 a4 21. b4 c5 22. bxc5 dxc5 23. d5 Bd7 24. Rac1 Qd6 25. Nf3 b4 26. cxb4 cxb4 27. Qc7 b3 28. axb3 axb3 29. Nd4 b2 30. Rc2 Bxd4 31. exd4 Qxc7 32. Rxc7 Bb5 33. Rb1 Ra1 34. Rcc1 bxc1Q+ 0-1

[Event "Pernambucano-ch"]
[Site "Recife"]
[Date "2012.12.26"]
[Round "2"]
[White "Araujo, Jose Roberto"]
[Black "Soares, Alberto M Colares"]
[Result "1/2-1/2"]
[WhiteElo "2193"]
[BlackElo "2194"]
[PlyCount "52"]
[EventDate "2012.12.21"]
[EventType "tourn"]
[EventRounds "9"]
[EventCountry "BRA"]
[SourceTitle "EXT 2022"]
[Source "ChessBase"]
[SourceDate "2021.10.06"]
[SourceVersion "1"]
[SourceVersionDate "2021.10.06"]
[SourceQuality "1"]

1. d4 g6 2. c4 Bg7 3. Nc3 d6 4. Nf3 Bg4 5. e3 c5 6. Be2 cxd4 7. exd4 Nc6 8. 0-0 Nf6 9. d5 Bxf3 10. Bxf3 Ne5 11. Be2 0-0 12. Be3 Rc8 13. Qb3 b6 14. h3 Ned7 15. Nb5 Ra8 16. Qc2 Re8 17. Rac1 a6 18. Nc3 Qc7 19. Rfd1 Qb7 20. b4 Rec8 21. Qb3 Rcb8 22. Nb1 a5 23. a3 axb4 24. axb4 Ra7 25. Nc3 Rba8 26. Nb5 Ra2 1/2-1/2

[Event "Pernambucano-ch"]
[Site "Recife"]
[Date "2012.12.26"]
[Round "?"]
[White "Souza, Rafael Cabral de"]
[Black "Soares, Alberto M Colares"]
[Result "1-0"]
[WhiteElo "2122"]
[BlackElo "2194"]
[PlyCount "121"]
[EventDate "2012.12.21"]
[EventType "tourn"]
[EventRounds "9"]
[EventCountry "BRA"]
[SourceTitle "EXT 2022"]
[Source "ChessBase"]
[SourceDate "2021.10.06"]
[SourceVersion "1"]
[SourceVersionDate "2021.10.06"]
[SourceQuality "1"]

1. e4 g6 2. d4 Bg7 3. Nc3 d6 4. Be3 a6 5. a4 b6 6. Bc4 e6 7. Qd2 Bb7 8. f3 Nd7 9. Nge2 h6 10. Rd1 Qe7 11. 0-0 Ngf6 12. Kh1 g5 13. Ng3 g4 14. Rde1 h5 15. Bg5 Qf8 16. fxg4 h4 17. Nh5 Nxh5 18. gxh5 Rxh5 19. Bxe6 f6 20. Be3 0-0-0 21. Bg4 Rh8 22. Kg1 Kb8 23. a5 Bh6 24. Bxh6 Qxh6 25. Qxh6 Rxh6 26. Bxd7 Rxd7 27. axb6 cxb6 28. Rf4 b5 29. d5 Rc7 30. Re2 Rc4 31. Ref2 Kc7 32. Nd1 Ra4 33. Kf1 Bc8 34. Ke2 Kd8 35. Kd3 Ke7 36. Nc3 Ra1 37. h3 b4 38. Ne2 a5 39. Nd4 Ba6+ 40. Kd2 Bc8 41. Nf3 a4 42. Nxh4 a3 43. bxa3 bxa3 44. Nf5+ Bxf5 45. exf5 Rh8 46. Re2+ Kd7 47. Ra4 Rc8 48. Ra7+ Rc7 49. Re7+ Kxe7 50. Rxc7+ Kd8 51. Ra7 Kc8 52. Kc3 Kb8 53. Ra4 Rg1 54. g4 Rg3+ 55. Kb4 Rxh3 56. Rxa3 Rh2 57. Ra6 Kc7 58. Rc6+ Kb7 59. Rxd6 Rxc2 60. Rxf6 Rg2 61. Rg6 1-0